Χιππισμός : πρόκληση στην κοινωνία της ευημερίας

Αποθηκεύτηκε σε:
Λεπτομέρειες βιβλιογραφικής εγγραφής
Κύριος συγγραφέας: Bonn, Gisela, 1909-1996
Άλλοι συγγραφείς: Μεγάλου-Σεφεριάδη, Λία, 1945- (trlf)
Μορφή: Βιβλίο
Γλώσσα:Greek
English
Δημοσίευση: [Αθήνα] : Ελεύθερος Τύπος, [19--].
Έκδοση:[2η έκδ.].
Θέματα:
Ετικέτες: Προσθήκη ετικέτας
Δεν υπάρχουν, Καταχωρήστε ετικέτα πρώτοι!

MARC

LEADER 00000cam a2200000 i 4500
001 1/43523
008 140304q19uu gr | ||| |||| ||gre||
035 |l 10116952 
040 |a GR-MyUA  |b gre  |e AACR2 
041 1 |a gre  |h eng 
082 0 |a 305.568  |2 (22) 
100 1 |a Bonn, Gisela,   |d 1909-1996. 
245 1 0 |a Χιππισμός :   |b πρόκληση στην κοινωνία της ευημερίας /   |c Gizela Bonn ; μετάφραση Λίας Μεγάλου.  
250 |a [2η έκδ.].  
260 |a [Αθήνα] :   |b Ελεύθερος Τύπος,   |c [19--].  
300 |a 125 σ. ;   |c 21 εκ.  
500 |a Τίτλος πρωτοτύπου: Unter hippies.  
504 |a Περιλαμβάνει βιβλιογραφικές αναφορές.  
650 0 0 |a Hippies. 
700 1 |a Μεγάλου-Σεφεριάδη, Λία,   |d 1945-  |e trlf 
852 |a INST  |b SAMOS  |e 20140304  |h 305.568 BON  |p 005300036490  |q 005300036490  |t BK  |y 0 
901 |a BIBL3-2014-1 
909 |a Σ  |b 184665 
970 |a ΓΟΥΒΑΛΑ  |b ΒΑΣΩ  |z 2014/03/04